01621nam a2200397 a 4500001001200000003000800012006001900020007001500039008004100054010001700095016001900112020003100131020002800162040002100190035002100211043001200232050002500244082001500269084001500284084001500299100002100314245012100335260003800456300003200494490005500526504006600581505010600647533015200753650005200905651003300957655002900990710001701019830004401036856012601080999001701206ebr10372776CaPaEBRm u cr cn|||||||||090515s2009 ne ab sb 001 0 eng  z 20090198097 z247873082bccb z9789004178229 (alk. paper) z9004178228 (alk. paper) aCaPaEBRcCaPaEBR a(OCoLC)649473745 ae------14aHC240b.M1813 2009eb04a330.94222 a15.702bcl a83.302bcl1 aMalanima, Paolo.10aPre-modern European economyh[electronic resource] :bone thousand years (10th-19th centuries) /cby Paolo Malanima. aLeiden ;aBoston :bBrill,c2009. axvii, 422 p. :bill., maps.1 aGlobal economic history series,x1872-5155 ;vv. 5 aIncludes bibliographical references (p. [383]-415) and index.0 aPopulation -- Energy -- Agriculture -- Trade -- Industry -- Output -- Demand -- Pre-modern economies. aElectronic reproduction.bPalo Alto, Calif. :cebrary,d2013.nAvailable via World Wide Web.nAccess may be limited to ebrary affiliated libraries. 0aAgriculturexEconomic aspectszEuropexHistory. 0aEuropexEconomic conditions. 7aElectronic books.2local2 aebrary, Inc. 0aGlobal economic history series ;vv. 5.40uhttp://site.ebrary.com/lib/rucke/Doc?id=10372776zAn electronic book accessible through the World Wide Web; click to view c99174d99174